01179nam a2200205 i 4500003000900000005001700009007000300026008004100029040003000070082001800100245003700118246003500155264005400190300002600244336002700270337003300297338002800330500005600358520055900414DO-SdBNP20250611150305.0ta250611t1978 dr 000 0 spa d aDO-SdBNPbspacBNPHUerda axxxxbxxx22200aSistema 2200 :blenguaje basic /1 a2200 :bManual de referencia / aSanto Domingo :bComputadoras del Caribe,c1978. a139 páginasc22 cm. atextobtxt2rdacontent asin mediaciónbn2rdamedia avolumenbnc2rdacarrier aEl título del libro se encuentra en la cubierta.  aSistema 2200 de Wang – Resumen básico Fabricante: Wang Laboratories. Modelo: Wang 2200 (lanzado en 1973). Uso principal: Automatización de oficinas, negocios y educación. Lenguaje de programación: Wang BASIC (una versión integrada directamente en la máquina). Innovación: Tenía un monitor CRT y teclado integrados, lo que lo hacía parecido a una computadora personal antes de que existiera ese término. Importancia: Fue una de las primeras máquinas en permitir programación interactiva en BASIC, accesible para no expertos.